La emigración española a América / (Record no. 35196)

MARC details
000 -LEADER
campo de control de longitud fija 00514nam a2200169 i 4500
001 - NÚMERO DE CONTROL
campo de control 35196
003 - IDENTIFICADOR DE NÚMERO DE CONTROL
campo de control ES-MaACL
005 - FECHA Y HORA DE LA ÚLTIMA TRANSACCIÓN
campo de control 20230906155056.0
007 - CAMPO FIJO DE DESCRIPCIÓN FÍSICA--INFORMACIÓN GENERAL
campo de control de longitud fija t|
008 - DATOS DE LONGITUD FIJA--INFORMACIÓN GENERAL
campo de control de longitud fija 030212s1952 sp ||||1| spa d
100 1# - ENTRADA PRINCIPAL--NOMBRE DE PERSONA
Nombre de persona Borregón Ribes, Vicente.
9 (RLIN) 30575
245 13 - MENCIÓN DEL TÍTULO
Título La emigración española a América /
Mención de responsabilidad, etc. Vicente Borregón Ribes.
260 ## - PUBLICACIÓN, DISTRIBUCIÓN, ETC.
Lugar de publicación, distribución, etc. Vigo :
Nombre del editor, distribuidor, etc. [s.n.,
Fecha de publicación, distribución, etc. 1952] (
Fabricante Tall. Tip. el Faro de Vigo)
300 ## - DESCRIPCIÓN FÍSICA
Extensión 350 p. ;
Dimensiones 22 cm.
500 ## - NOTA GENERAL
Nota general Premio Nacional Marvá 1951.
852 ## - LOCALIZACIÓN
Ubicación ES-MaACL
Número de control de estantería D-9135
Sublocalización o colección R.34235
Holdings
Estatus retirado Estado de pérdida Estado de daño No para préstamo Biblioteca de origen Biblioteca actual Ubicación en estantería Fecha de adquisición Fuente de adquisición Total de préstamos Signatura topográfica completa Código de barras Visto por última vez Precio de reemplazo Tipo de ítem Koha
        Biblioteca del Ateneo de Madrid Biblioteca del Ateneo de Madrid Sala Valle Inclán 17/01/2008     D-9135 901036820 23/02/2023 23/02/2023 Libro impreso